Normal view
MARC view
- الزخرفة- الخط العربي- اللغة العربية-الرسم
Entry Topical Term
001 - CONTROL NUMBER
- control field: 37339
003 - CONTROL NUMBER IDENTIFIER
- control field: JO-AjAnu
005 - DATE AND TIME OF LATEST TRANSACTION
- control field: 20230606080228.0
008 - FIXED-LENGTH DATA ELEMENTS
- fixed length control field: 230606|| aca||aabn | a|a d
040 ## - CATALOGING SOURCE
- Original cataloging agency: JO-AjAnu
- Transcribing agency: JO-AjAnu
150 ## - HEADING--TOPICAL TERM
- Topical term or geographic name entry element: الزخرفة- الخط العربي- اللغة العربية-الرسم
670 ## - SOURCE DATA FOUND
- Source citation: Work cat.: (JO-AjAnu)19160: الدرايسة، محمد عبدالله تأليف, author 37338, الرسم الحر والزخرفة والخطوط